| 000 | 00631cam a2200217u 4500 | ||
|---|---|---|---|
| 001 | gs 23000075 | ||
| 003 | DLC | ||
| 005 | 20260227111327.0 | ||
| 008 | 830401s1919 iluad 000 0 eng | ||
| 010 | _ags 23000075 | ||
| 040 |
_aDLC _cCarP _dDLC |
||
| 043 | _an-us-il | ||
| 050 | 0 | 0 |
_aTN880 _b.M87 |
| 100 | 1 |
_aMylius, Louis Aubrey, _d1890- |
|
| 245 | 1 | 2 | _aA restudy of the Staunton gas pool, |
| 260 |
_aUrbana, Ill., _c1919. |
||
| 300 |
_a23 p. _bincl. tables, diagrs. (1 fold.) fold. chart (in pocket) _c26 cm. |
||
| 650 | 0 |
_aPetroleum _xGeology _zIllinois. |
|
| 650 | 0 |
_aNatural gas _zIllinois. |
|
| 740 | 0 | _aStaunton gas pool. | |
| 999 |
_c26216 _d26216 |
||